Managing explosive corporate growth /
Sparad:
| Huvudupphovsman: | |
|---|---|
| Materialtyp: | Sách giấy |
| Publicerad: |
New York :
Wiley,
1999
|
| Ämnen: | |
| Länkar: | Contributor biographical information Publisher description Table of contents |
| Taggar: |
Lägg till en tagg
Inga taggar, Lägg till första taggen!
|
| Thư viện lưu trữ: | Thư viện Trường Đại học Đà Lạt |
|---|
| LEADER | 01259nam a2200385 4500 | ||
|---|---|---|---|
| 001 | DLU060056031 | ||
| 005 | ##20061101 | ||
| 008 | ##980610s1999 nyua b 001 0 eng | ||
| 010 | # | # | |a 98027427 |
| 020 | # | # | |a 0471296899 (alk. paper) |
| 035 | # | # | |9 (DLC) 98027427 |
| 040 | # | # | |a DLC |c DLC |d DLC |
| 050 | # | # | |a HF5657.4 |b .B72 1999 |
| 082 | # | # | |a 658 |b BR-S |
| 100 | # | # | |a Bragg, Steven M. |
| 245 | # | # | |a Managing explosive corporate growth / |c Steven M. Bragg |
| 260 | # | # | |a New York : |b Wiley, |c 1999 |
| 300 | # | # | |a xii, 324 p. : |b ill. ; |c 24 cm |
| 504 | # | # | |a Includes bibliographical references (p. 318) and index |
| 650 | # | # | |a Controllership |
| 650 | # | # | |a Just-in-time systems |x Accounting. |
| 650 | # | # | |a Managerial accounting. |
| 856 | # | # | |3 Contributor biographical information |u http://www.loc.gov/catdir/bios/wiley042/98027427.html |
| 856 | # | # | |3 Publisher description |u http://www.loc.gov/catdir/description/wiley034/98027427.html |
| 856 | # | # | |3 Table of contents |u http://lcweb.loc.gov/catdir/toc/98-27427.html |2 http |
| 923 | # | # | |a 25/2006 |
| 992 | # | # | |a 13.600 |
| 994 | # | # | |a DLU |
| 900 | # | # | |a True |
| 911 | # | # | |a Đào Thị Thu Huyền |
| 925 | # | # | |a G |
| 926 | # | # | |a A |
| 927 | # | # | |a SH |
| 980 | # | # | |a Thư viện Trường Đại học Đà Lạt |


